000
00321nas a22001337a 4500
001
T027600012155-00
008
190830b xxu||||| |||| 00| 0 esp |
040
_a
FEVP
_c
FEVP
245
_a
Visión: la revista Latinoamericana
260
_c
19950115
300
_a
48p.
650
_a
Integración--América Latina
942
_c
REV
999
_c
17028
_d
17028